[Event "Liga Insular Gran Canaria 1b"]
[Site "Las Palmas"]
[Date "2019.03.02"]
[Round "1.2"]
[White "Quintana Marrero, Pedro Jesus"]
[Black "Moreno Diepa, Diego"]
[Result "1-0"]
[WhiteElo "1878"]
[BlackElo "1620"]
[PlyCount "61"]
[EventDate "2019.03.02"]
[EventType "team-tourn"]
[EventRounds "7"]
[EventCountry "ESP"]
[SourceTitle "EXT 2021"]
[Source "ChessBase"]
[SourceDate "2020.10.23"]
[SourceVersion "1"]
[SourceVersionDate "2020.10.23"]
[SourceQuality "1"]
[WhiteTeam "Hotel Avda de Canarias II"]
[BlackTeam "Guia Univac II"]
[WhiteTeamCountry "ESP"]
[BlackTeamCountry "ESP"]

1. e4 e6 2. d3 d5 3. Nd2 Nf6 4. g3 Bc5 5. Bg2 Nc6 6. Ngf3 0-0 7. 0-0 h6 8. e5 Nd7 9. Re1 f6 10. Nb3 Bb6 11. d4 a5 12. c3 fxe5 13. dxe5 a4 14. Nbd2 Nc5 15. Qc2 Nd7 16. Qd1 Qe8 17. Nf1 Qh5 18. Be3 Ncxe5 19. Nxe5 Qxe5 20. Bxb6 Qf6 21. Be3 a3 22. b3 Ne5 23. Bc5 Rf7 24. Bd4 Nf3+ 25. Bxf3 Qxf3 26. Qxf3 Rxf3 27. Ne3 Bd7 28. Ng4 Rf5 29. Ne5 Be8 30. Nd3 Bf7 31. Nc5 1-0

[Event "Las Palmas Insular-chT Segunda 1718"]
[Site "Las Palmas"]
[Date "2017.11.25"]
[Round "3.2"]
[White "Donate Villalba, Juan Francisco"]
[Black "Quintana Marrero, Pedro Jesus"]
[Result "1/2-1/2"]
[WhiteElo "1813"]
[BlackElo "1878"]
[PlyCount "125"]
[EventDate "2017.10.28"]
[EventType "team-swiss"]
[EventRounds "9"]
[EventCountry "ESP"]
[SourceTitle "EXT 2019"]
[Source "ChessBase"]
[SourceDate "2018.10.10"]
[SourceVersion "1"]
[SourceVersionDate "2018.10.10"]
[SourceQuality "1"]
[WhiteTeam "Hotel Avda de Canarias III"]
[BlackTeam "Hotel Avda de Canarias II"]
[WhiteTeamCountry "ESP"]
[BlackTeamCountry "ESP"]

1. e4 e6 2. d4 c5 3. c3 Nf6 4. Bd3 d5 5. e5 Nfd7 6. f4 Nc6 7. Nf3 f5 8. 0-0 Be7 9. Bc2 0-0 10. Kh1 cxd4 11. cxd4 Nb4 12. Bb3 Nb6 13. Nc3 Bd7 14. Rg1 Be8 15. h3 Bg6 16. a3 Nc6 17. Bc2 Rc8 18. g4 Nc4 19. Ne2 fxg4 20. hxg4 Bxc2 21. Qxc2 Qb6 22. Qd3 N6a5 23. b4 Nc6 24. f5 Nd8 25. Rg2 Qc6 26. Rh2 exf5 27. gxf5 h6 28. Bxh6 Nb2 29. Qe3 Rxf5 30. Rg1 Bf8 31. Ng3 Rf7 32. Nh5 Nc4 33. Qg5 Ne6 34. Nf6+ Rxf6 35. Qxf6 Rc7 36. Qg6 Nd8 37. Qxc6 Rxc6 38. Bg5 Ne6 39. Bc1 Ra6 40. Rc2 Nxa3 41. Rc8 Nc4 42. Rf1 Rc6 43. Ra8 a6 44. Ng5 Nb6 45. Nxe6 Nxa8 46. Rxf8+ Kh7 47. Ng5+ Kg6 48. Rxa8 Rxc1+ 49. Kg2 Kxg5 50. Rd8 Rb1 51. Rxd5 Rxb4 52. Rd7 Kf5 53. Rd6 a5 54. e6 Kf6 55. d5 Re4 56. Kf3 Re1 57. Rd7 a4 58. Rxb7 Rd1 59. e7 Kf7 60. Ra7 Rxd5 61. Rxa4 Kxe7 62. Ra6 Kf7 63. Kg4 1/2-1/2

[Event "Las Palmas Insular-chT Segunda 1718"]
[Site "Las Palmas"]
[Date "2017.11.11"]
[Round "2.2"]
[White "Quintana Marrero, Pedro Jesus"]
[Black "Perez Cardona, Jose Fernando"]
[Result "1-0"]
[WhiteElo "1870"]
[BlackElo "1500"]
[PlyCount "49"]
[EventDate "2017.10.28"]
[EventType "team-swiss"]
[EventRounds "9"]
[EventCountry "ESP"]
[SourceTitle "EXT 2019"]
[Source "ChessBase"]
[SourceDate "2018.10.10"]
[SourceVersion "1"]
[SourceVersionDate "2018.10.10"]
[SourceQuality "1"]
[WhiteTeam "Hotel Avda de Canarias II"]
[BlackTeam "Cadetra"]
[WhiteTeamCountry "ESP"]
[BlackTeamCountry "ESP"]

1. e4 e5 2. d4 exd4 3. Qxd4 Nc6 4. Qe3 d6 5. Nc3 Nf6 6. Bd2 Be7 7. 0-0-0 0-0 8. f4 Bd7 9. h3 Re8 10. g4 h6 11. g5 hxg5 12. fxg5 Nh7 13. Nf3 Ne5 14. Nxe5 Bxg5 15. Qg3 Rxe5 16. h4 Bxd2+ 17. Rxd2 Qf6 18. Nd5 Qh6 19. Bd3 c6 20. Ne3 Nf6 21. Nc4 Nxe4 22. Bxe4 Rxe4 23. Qxd6 Rae8 24. Qxh6 Re1+ 25. Rd1 1-0

[Event "Gran Canaria Dominguez Memorial 3rd"]
[Site "Gran Canaria"]
[Date "2016.05.26"]
[Round "4"]
[White "Garcia Almeida, Aitana Maria"]
[Black "Quintana Marrero, Pedro Jesus"]
[Result "0-1"]
[WhiteElo "1325"]
[BlackElo "1924"]
[PlyCount "74"]
[EventDate "2016.05.17"]
[EventType "swiss"]
[EventRounds "7"]
[EventCountry "ESP"]
[SourceTitle "CBM 172 Extra"]
[Source "ChessBase"]
[SourceDate "2016.06.21"]
[SourceVersion "1"]
[SourceVersionDate "2016.06.21"]
[SourceQuality "1"]

1. g3 e5 2. d4 exd4 3. Qxd4 Nc6 4. Qd3 d5 5. Bg2 Nf6 6. Nf3 Be7 7. 0-0 0-0 8. a3 h6 9. b4 Be6 10. Bb2 Qd6 11. Nbd2 Rad8 12. Rad1 Ng4 13. Nb3 Nge5 14. Nxe5 Nxe5 15. Qc3 Bf6 16. Nd4 Nc4 17. Rd3 c6 18. Qb3 Nxb2 19. Qxb2 b6 20. c3 Bc8 21. a4 Rfe8 22. Rfd1 Bg4 23. Nf3 Qe6 24. Re3 Qf5 25. Rdd3 Kf8 26. Qd2 Rxe3 27. Rxe3 Re8 28. Rxe8+ Kxe8 29. a5 Qb1+ 30. Ne1 Qa1 31. axb6 axb6 32. Qe3+ Kd7 33. Qxb6 Qxe1+ 34. Bf1 Be5 35. f4 Bxe2 36. Qa7+ Bc7 37. Qf2 Bb6 0-1

[Event "Gran Canaria Dominguez Memorial 3rd"]
[Site "Gran Canaria"]
[Date "2016.05.17"]
[Round "1"]
[White "Quintana Marrero, Pedro Jesus"]
[Black "Macias Reyes, Jose Luis"]
[Result "0-1"]
[WhiteElo "1924"]
[BlackElo "1495"]
[PlyCount "117"]
[EventDate "2016.05.17"]
[EventType "swiss"]
[EventRounds "7"]
[EventCountry "ESP"]
[SourceTitle "CBM 172 Extra"]
[Source "ChessBase"]
[SourceDate "2016.06.21"]
[SourceVersion "1"]
[SourceVersionDate "2016.06.21"]
[SourceQuality "1"]

1. e4 c6 2. Nc3 d5 3. Nf3 dxe4 4. Nxe4 Bg4 5. d4 Nd7 6. Bc4 e6 7. h3 Bxf3 8. Qxf3 Ngf6 9. Nxf6+ Nxf6 10. c3 Be7 11. 0-0 0-0 12. Re1 Qc7 13. Bf4 Bd6 14. Bg5 Be7 15. Bd3 Nd5 16. Qe4 g6 17. Bh6 Rfe8 18. Rad1 Bf8 19. Bg5 Bg7 20. c4 Ne7 21. Bb1 Qb6 22. Re3 Nf5 23. Rb3 Qc7 24. g4 Ne7 25. Bf4 Qc8 26. Be5 f5 27. Qf4 fxg4 28. Bxg7 Kxg7 29. Qe5+ Kg8 30. hxg4 Qd7 31. Rh3 Rf8 32. Kf1 Rf7 33. Ke2 Raf8 34. f3 Qc8 35. Rdh1 Qb8 36. Qxe6 Qc8 37. Qe5 Re8 38. Kd2 Nd5 39. Qg5 Nf4 40. R3h2 Qe6 41. Be4 Qxc4 42. Qc5 Qxa2 43. Kc3 Qe6 44. Qxa7 Nd5+ 45. Kd2 Nf6 46. Bd3 Qe3+ 47. Kc2 Qxf3 48. Rf1 Qd5 49. Rhf2 Kg7 50. b3 Qd7 51. Bc4 Rff8 52. Qc5 Ne4 53. Qxf8+ Rxf8 54. Rxf8 Qxd4 55. R8f7+ Kh6 56. Kb1 Nd2+ 57. Kc2 Nxf1 58. Rxf1 Qxg4 59. Rh1+ 0-1

[Event "Las Palmas Insular-chT Pref-B"]
[Site "Las Palmas"]
[Date "2016.02.27"]
[Round "12.1"]
[White "Manchon Santana, Alberto"]
[Black "Quintana Marrero, Pedro Jesus"]
[Result "1/2-1/2"]
[WhiteElo "1950"]
[BlackElo "1920"]
[PlyCount "82"]
[EventDate "2015.10.17"]
[EventType "team-tourn"]
[EventRounds "14"]
[EventCountry "ESP"]
[SourceTitle "EXT 2017"]
[Source "ChessBase"]
[SourceDate "2016.10.25"]
[SourceVersion "1"]
[SourceVersionDate "2016.10.25"]
[SourceQuality "1"]
[WhiteTeam "La Caja de Canarias II"]
[BlackTeam "Anand"]
[WhiteTeamCountry "ESP"]
[BlackTeamCountry "ESP"]

1. d4 Nf6 2. c4 e6 3. Nc3 Bb4 4. e3 0-0 5. Nge2 d5 6. a3 Be7 7. Bd2 c5 8. cxd5 exd5 9. g3 Nc6 10. Bg2 Bg4 11. h3 Be6 12. 0-0 Qd7 13. Kh2 cxd4 14. Nxd4 Nxd4 15. exd4 Ne4 16. Be1 f5 17. Qd3 Rf6 18. Ne2 g5 19. Bb4 Rh6 20. f3 Nf6 21. Bxe7 Qxe7 22. Rae1 Qg7 23. f4 Ne4 24. Qe3 g4 25. h4 Bd7 26. Bxe4 fxe4 27. Nc3 Bc6 28. b4 Rd6 29. Rf2 Bd7 30. Rc1 Rc8 31. Rfc2 Rc4 32. Ne2 Rxc2 33. Rxc2 Rc6 34. Rxc6 Bxc6 35. Nc3 Qd7 36. Qe2 a6 37. Qa2 b5 38. Nxe4 Qe6 39. Ng5 Qf5 40. Qe2 Bd7 41. Qe3 Qc2+ 1/2-1/2

[Event "Las Palmas Insular-chT Pref-B"]
[Site "Las Palmas"]
[Date "2016.01.23"]
[Round "10.2"]
[White "Quintana Marrero, Pedro Jesus"]
[Black "Sanchez Montesdeoca, Isaac"]
[Result "1-0"]
[WhiteElo "1920"]
[BlackElo "1742"]
[PlyCount "31"]
[EventDate "2015.10.17"]
[EventType "team-tourn"]
[EventRounds "14"]
[EventCountry "ESP"]
[SourceTitle "CBM 170 Extra"]
[Source "ChessBase"]
[SourceDate "2016.02.25"]
[SourceVersion "1"]
[SourceVersionDate "2016.02.25"]
[SourceQuality "1"]
[WhiteTeam "Anand"]
[BlackTeam "El Puerto de Santa Lucia"]
[WhiteTeamCountry "ESP"]
[BlackTeamCountry "ESP"]

1. e4 b6 2. d4 Bb7 3. Bd3 f5 4. exf5 Bxg2 5. Qh5+ g6 6. fxg6 Bg7 7. gxh7+ Kf8 8. Nf3 Nf6 9. Qg6 Bxf3 10. Rg1 Rxh7 11. Qg3 Be4 12. Bxe4 Nxe4 13. Qf3+ Kg8 14. Qxe4 Nc6 15. d5 Ne5 16. Qxe5 1-0

[Event "Gran Canaria Larsen Memorial 1st"]
[Site "Gran Canaria"]
[Date "2015.09.21"]
[Round "6"]
[White "Rodriguez Melian, Jose Luis"]
[Black "Quintana Marrero, Pedro Jesus"]
[Result "1/2-1/2"]
[WhiteElo "2114"]
[BlackElo "1902"]
[PlyCount "110"]
[EventDate "2015.09.09"]
[EventType "swiss"]
[EventRounds "7"]
[EventCountry "ESP"]
[SourceTitle "EXT 2016"]
[Source "ChessBase"]
[SourceDate "2015.10.08"]
[SourceVersion "1"]
[SourceVersionDate "2015.10.08"]
[SourceQuality "1"]

1. d4 e6 2. c4 f5 3. g3 Nf6 4. Bg2 c6 5. Nh3 d5 6. b3 Bd6 7. Bf4 0-0 8. 0-0 Bxf4 9. Nxf4 Qe8 10. Nd2 Nbd7 11. Nf3 Ne4 12. Nd3 Qh5 13. Nf4 Qh6 14. Qc1 g5 15. Nd3 Qh5 16. Nfe5 Ndf6 17. f3 Nd6 18. Qe1 Nde8 19. e4 f4 20. gxf4 gxf4 21. Nxf4 Qg5 22. Ned3 Rf7 23. Kh1 Rg7 24. Qc1 e5 25. dxe5 Nh5 26. Rf2 Rf7 27. Nxh5 Qxh5 28. f4 dxe4 29. Bxe4 Bf5 30. Qe3 Rd8 31. Rg1+ Kh8 32. Rfg2 Ng7 33. Rg5 Bxe4+ 34. Qxe4 Qh3 35. Nf2 Qh4 36. Ng4 Rd2 37. e6 Re7 38. Qe5 h5 39. Rxg7 Rxg7 40. Nf2 Qe7 41. Qxh5+ Kg8 42. Ne4 Rxg1+ 43. Kxg1 Qg7+ 44. Qg5 Qxg5+ 45. Nxg5 Kf8 46. h4 Rd4 47. Kg2 Rxf4 48. Kg3 Rf1 49. Kg4 Kg7 50. Ne4 Re1 51. Kf5 Kf8 52. h5 Ke7 53. Ng5 Rf1+ 54. Kg6 Rf6+ 55. Kg7 Rf5 1/2-1/2

[Event "Gran Canaria Larsen Memorial 1st"]
[Site "Gran Canaria"]
[Date "2015.09.14"]
[Round "3"]
[White "Menvielle Laccourreye, Augusto"]
[Black "Quintana Marrero, Pedro Jesus"]
[Result "1-0"]
[WhiteElo "2117"]
[BlackElo "1902"]
[PlyCount "97"]
[EventDate "2015.09.09"]
[EventType "swiss"]
[EventRounds "7"]
[EventCountry "ESP"]
[SourceTitle "EXT 2016"]
[Source "ChessBase"]
[SourceDate "2015.10.08"]
[SourceVersion "1"]
[SourceVersionDate "2015.10.08"]
[SourceQuality "1"]

1. e4 e6 2. d4 d5 3. e5 c5 4. c3 Nc6 5. Nf3 Qb6 6. a3 f6 7. b4 c4 8. Bf4 fxe5 9. Nxe5 Nf6 10. Nd2 Be7 11. Be2 0-0 12. Bg3 a5 13. 0-0 Bd7 14. Re1 Nxe5 15. dxe5 Ne8 16. Nxc4 Qc7 17. Nxa5 Qxc3 18. Qc1 Qxc1 19. Rexc1 b6 20. Nb3 Bg5 21. Rc3 Ra7 22. Nd4 Bd2 23. Rb3 Nc7 24. b5 Ra4 25. Nf3 Bh6 26. Ne1 Ra5 27. Rab1 Rfa8 28. Nc2 Rc8 29. Nd4 Kf7 30. f4 Ra4 31. Rd1 g6 32. Bf2 Bf8 33. Rdd3 Bc5 34. g3 Ra5 35. Rdc3 Rca8 36. Nc6 Rxa3 37. Rxa3 Rxa3 38. Rxa3 Bxa3 39. Bxb6 Bxc6 40. bxc6 Na8 41. Bd4 Ke8 42. Ba6 Kd8 43. Bb7 Nc7 44. Bb6 Bc1 45. Kf2 h5 46. Kf3 Bd2 47. h4 Be1 48. Ba6 d4 49. Bd3 1-0

[Event "Canarias-chT"]
[Site "Vecindario"]
[Date "2015.06.14"]
[Round "6.4"]
[White "Henriquez Cazorla, Laura"]
[Black "Quintana Marrero, Pedro Jesus"]
[Result "0-1"]
[WhiteElo "1380"]
[BlackElo "1894"]
[PlyCount "72"]
[EventDate "2015.06.11"]
[EventType "team-swiss"]
[EventRounds "6"]
[EventCountry "ESP"]
[SourceTitle "EXT 2024"]
[Source "ChessBase"]
[SourceDate "2023.10.10"]
[SourceVersion "1"]
[SourceVersionDate "2023.10.10"]
[SourceQuality "1"]
[WhiteTeam "La Caja de Canarias"]
[BlackTeam "Anand"]
[WhiteTeamCountry "ESP"]
[BlackTeamCountry "ESP"]

1. d4 e6 2. c4 Nf6 3. Nf3 c5 4. e3 cxd4 5. exd4 d5 6. b3 Nc6 7. g3 Bb4+ 8. Bd2 Be7 9. Be3 0-0 10. Bg2 b6 11. 0-0 Bb7 12. Nbd2 Rc8 13. Ne5 Na5 14. Rc1 Ba6 15. Re1 Bb4 16. Bg5 dxc4 17. Bxf6 Qxf6 18. Nd7 Qxd4 19. Nxf8 Qxd2 20. Qh5 Rxf8 21. bxc4 Bc5 22. Qe2 Qxe2 23. Rxe2 Rd8 24. Rec2 h5 25. Bf3 g6 26. Rd1 Rxd1+ 27. Bxd1 Bxc4 28. a4 Bd5 29. Rc3 Kf8 30. Bf3 Ke7 31. Bxd5 exd5 32. Rd3 Ke6 33. Kg2 d4 34. Kf3 Kd5 35. Ke2 Kc4 36. Rd1 Nb3 0-1

[Event "Canarias-chT"]
[Site "Vecindario"]
[Date "2015.06.13"]
[Round "5.4"]
[White "Natalicchio Escalante, Ricardo Nicolas"]
[Black "Quintana Marrero, Pedro Jesus"]
[Result "1-0"]
[WhiteElo "2225"]
[BlackElo "1894"]
[PlyCount "142"]
[EventDate "2015.06.11"]
[EventType "team-swiss"]
[EventRounds "6"]
[EventCountry "ESP"]
[SourceTitle "EXT 2024"]
[Source "ChessBase"]
[SourceDate "2023.10.10"]
[SourceVersion "1"]
[SourceVersionDate "2023.10.10"]
[SourceQuality "1"]
[WhiteTeam "Villa de Teror"]
[BlackTeam "Anand"]
[WhiteTeamCountry "ESP"]
[BlackTeamCountry "ESP"]

1. e4 c5 2. Nf3 Nc6 3. Nc3 g6 4. Bb5 Bg7 5. 0-0 e6 6. d3 Nge7 7. Bf4 d6 8. e5 d5 9. Re1 a6 10. Bxc6+ Nxc6 11. Na4 b6 12. c4 Ne7 13. Bg5 Rb8 14. Nc3 b5 15. cxd5 exd5 16. d4 c4 17. Bf6 Kf8 18. Qd2 h6 19. Qf4 Be6 20. Bxg7+ Kxg7 21. Qf6+ Kh7 22. Ne2 Ng8 23. Qf4 Ne7 24. h4 Rg8 25. Qf6 Rb6 26. Nf4 Nf5 27. Nxe6 fxe6 28. g4 Ng7 29. Kg2 Rf8 30. Qxd8 Rxd8 31. Re3 b4 32. Nd2 Rf8 33. Rf3 Rbb8 34. Rf6 Rxf6 35. exf6 Ne8 36. g5 h5 37. Re1 Nc7 38. Nf3 b3 39. axb3 Rxb3 40. Re2 a5 41. Ne5 Rb7 42. Nd7 Kg8 43. Ne5 Kh7 44. Nc6 Rb5 45. Nd8 Rb6 46. Nf7 Nb5 47. Rd2 Nc7 48. Ne5 Rb5 49. Re2 Rb7 50. Nd7 Kg8 51. Nc5 Rb6 52. Kf3 Nb5 53. Rd2 Rc6 54. Nd7 Rd6 55. Ne5 Kh7 56. Kf4 a4 57. Nf7 Rb6 58. Ke5 Kg8 59. Nh6+ Kh7 60. Nf7 Kg8 61. Nh6+ Kh7 62. Kf4 Nd6 63. Re2 Nb5 64. Ke3 Nd6 65. Kf4 Nb5 66. f7 Kg7 67. Ke5 Nc7 68. Re3 Nb5 69. Rf3 Kf8 70. Rf6 Nd6 71. Rxe6 Nc8 1-0

[Event "Las Palmas Insular-chT Pref-A"]
[Site "Las Palmas"]
[Date "2015.03.21"]
[Round "11.1"]
[White "Quintana Marrero, Pedro Jesus"]
[Black "Sanchez Quintero, Raul"]
[Result "1-0"]
[WhiteElo "1857"]
[BlackElo "2035"]
[PlyCount "53"]
[EventDate "2014.11.22"]
[EventType "team-tourn"]
[EventRounds "14"]
[EventCountry "ESP"]
[SourceTitle "EXT 2016"]
[Source "ChessBase"]
[SourceDate "2015.10.08"]
[SourceVersion "1"]
[SourceVersionDate "2015.10.08"]
[SourceQuality "1"]
[WhiteTeam "Anand Iberia II"]
[BlackTeam "La Montana"]
[WhiteTeamCountry "ESP"]
[BlackTeamCountry "ESP"]

1. e4 g6 2. d4 Bg7 3. Bc4 d6 4. Nc3 c6 5. Bb3 b5 6. Be3 Nf6 7. f3 0-0 8. Qd2 e5 9. Nge2 Nbd7 10. 0-0-0 a5 11. a4 b4 12. Nb1 Ba6 13. h4 exd4 14. Nxd4 Rc8 15. h5 Nxh5 16. g4 Ng3 17. Rh3 Bxd4 18. Rxg3 Bxe3 19. Qxe3 Nc5 20. Rh3 Nxb3+ 21. Qxb3 Qg5+ 22. Nd2 Kg7 23. Rdh1 Rh8 24. f4 Qxg4 25. Qe3 Rce8 26. f5 h5 27. fxg6 1-0

[Event "Las Palmas Insular-chT Pref-A"]
[Site "Las Palmas"]
[Date "2015.03.14"]
[Round "10.1"]
[White "Quintana Marrero, Pedro Jesus"]
[Black "Cabrera Ramos, Javier"]
[Result "1-0"]
[WhiteElo "1857"]
[BlackElo "1751"]
[PlyCount "35"]
[EventDate "2014.11.22"]
[EventType "team-tourn"]
[EventRounds "14"]
[EventCountry "ESP"]
[SourceTitle "EXT 2016"]
[Source "ChessBase"]
[SourceDate "2015.10.08"]
[SourceVersion "1"]
[SourceVersionDate "2015.10.08"]
[SourceQuality "1"]
[WhiteTeam "Anand Iberia II"]
[BlackTeam "Dominicas"]
[WhiteTeamCountry "ESP"]
[BlackTeamCountry "ESP"]

1. e4 c5 2. Nc3 Nc6 3. Bb5 e6 4. Bxc6 bxc6 5. d3 d5 6. f4 Rb8 7. Nf3 Bd6 8. 0-0 f5 9. Ne5 Qc7 10. Qh5+ Kf8 11. Ng6+ hxg6 12. Qxh8 Kf7 13. e5 Nh6 14. exd6 Qxd6 15. Rf3 Bd7 16. Qh7 Ng8 17. Re3 Ne7 18. Qh4 1-0

[Event "Las Palmas Insular-chT Pref"]
[Site "Las Palmas"]
[Date "2015.02.07"]
[Round "7.4"]
[White "Ramirez Medina, Victor"]
[Black "Quintana Marrero, Pedro Jesus"]
[Result "1-0"]
[WhiteElo "2059"]
[BlackElo "1857"]
[PlyCount "55"]
[EventDate "2014.11.22"]
[EventType "team-tourn"]
[EventRounds "14"]
[EventCountry "ESP"]
[SourceTitle "EXT 2016"]
[Source "ChessBase"]
[SourceDate "2015.10.08"]
[SourceVersion "1"]
[SourceVersionDate "2015.10.08"]
[SourceQuality "1"]
[WhiteTeam "La Caja de Vecindario"]
[BlackTeam "Anand Iberia"]
[WhiteTeamCountry "ESP"]
[BlackTeamCountry "ESP"]

1. e4 c5 2. Nf3 d6 3. d4 cxd4 4. Nxd4 Nf6 5. Nc3 g6 6. Be3 Bg7 7. f3 Nc6 8. Qd2 0-0 9. Bc4 Bd7 10. Bb3 Qb8 11. h4 h5 12. 0-0-0 Rc8 13. Kb1 a5 14. Ndb5 Ne5 15. Qe2 Be6 16. Bxe6 fxe6 17. f4 Nc4 18. Bd4 e5 19. fxe5 dxe5 20. Bf2 e6 21. Na4 Ra6 22. b3 Nd6 23. Rxd6 Rxd6 24. Ba7 Qxa7 25. Nxa7 Rcd8 26. Nb5 Rd2 27. Qc4 R8d7 28. Nc5 1-0

[Event "Las Palmas Insular-chT Pref-A"]
[Site "Las Palmas"]
[Date "2015.01.31"]
[Round "6.1"]
[White "Jerez Lopez, Juan Ramon"]
[Black "Quintana Marrero, Pedro Jesus"]
[Result "0-1"]
[WhiteElo "1916"]
[BlackElo "1857"]
[PlyCount "62"]
[EventDate "2014.11.22"]
[EventType "team-tourn"]
[EventRounds "14"]
[EventCountry "ESP"]
[SourceTitle "EXT 2016"]
[Source "ChessBase"]
[SourceDate "2015.10.08"]
[SourceVersion "1"]
[SourceVersionDate "2015.10.08"]
[SourceQuality "1"]
[WhiteTeam "Pulido San Mateo"]
[BlackTeam "Anand Iberia II"]
[WhiteTeamCountry "ESP"]
[BlackTeamCountry "ESP"]

1. e4 c5 2. Nf3 d6 3. d4 cxd4 4. Nxd4 Nf6 5. Nc3 g6 6. Be2 Bg7 7. Be3 0-0 8. h3 Nc6 9. Qd2 Bd7 10. g4 Rc8 11. f4 e5 12. Ndb5 exf4 13. Bxf4 d5 14. exd5 Nb4 15. Na3 Rxc3 16. bxc3 Ne4 17. Qe3 Nxc3 18. 0-0 Re8 19. Qxe8+ Qxe8 20. Bf3 Ncxd5 21. Rae1 Qc8 22. Bd6 Qc3 23. Nb1 Qd4+ 24. Kh1 Ne3 25. Rxe3 Qxe3 26. Bxb4 Bb5 27. Bd2 Qe5 28. Rg1 Qc5 29. a3 Qf2 30. Bxb7 Be5 31. Bg2 Qg3 0-1

[Event "Las Palmas Insular-chT Pref"]
[Site "Las Palmas"]
[Date "2014.12.13"]
[Round "2.4"]
[White "Natalicchio Escalante, Ricardo Nicolas"]
[Black "Quintana Marrero, Pedro Jesus"]
[Result "1-0"]
[WhiteElo "2237"]
[BlackElo "1857"]
[PlyCount "37"]
[EventDate "2014.11.22"]
[EventType "team-tourn"]
[EventRounds "14"]
[EventCountry "ESP"]
[SourceTitle "EXT 2016"]
[Source "ChessBase"]
[SourceDate "2015.10.08"]
[SourceVersion "1"]
[SourceVersionDate "2015.10.08"]
[SourceQuality "1"]
[WhiteTeam "Villa de Teror Goya"]
[BlackTeam "Anand Iberia"]
[WhiteTeamCountry "ESP"]
[BlackTeamCountry "ESP"]

1. d4 c5 2. e3 Nf6 3. Nf3 g6 4. c3 Bg7 5. dxc5 Qc7 6. b4 Ne4 7. Nd4 0-0 8. Bd3 d5 9. Qb3 Qe5 10. Nd2 Qg5 11. Nxe4 dxe4 12. Bxe4 Qh4 13. Qc2 e5 14. Nb5 Nc6 15. Nd6 Be6 16. Nxb7 Rac8 17. Nd6 Rc7 18. Bxc6 Rxc6 19. Qe4 1-0

[Event "Gran Canaria Santa Lucia op 2nd"]
[Site "Gran Canaria"]
[Date "2014.08.18"]
[Round "7"]
[White "Quintana Marrero, Pedro Jesus"]
[Black "Gonzalez Intelangelo, Gerardo"]
[Result "1/2-1/2"]
[WhiteElo "1729"]
[BlackElo "2034"]
[PlyCount "72"]
[EventDate "2014.08.14"]
[EventType "swiss"]
[EventRounds "9"]
[EventCountry "ESP"]
[SourceTitle "EXT 2015"]
[Source "ChessBase"]
[SourceDate "2014.11.20"]
[SourceVersion "1"]
[SourceVersionDate "2014.11.20"]
[SourceQuality "1"]

1. e4 c6 2. d4 d5 3. exd5 cxd5 4. c4 Nf6 5. Nc3 e6 6. Nf3 Bb4 7. Bd3 Nc6 8. 0-0 0-0 9. a3 Be7 10. cxd5 Nxd5 11. Bc2 b6 12. Qd3 g6 13. Ne4 Bb7 14. Nfg5 Nf6 15. Qh3 h5 16. Nxe6 fxe6 17. Qxe6+ Kg7 18. Ng5 Nxd4 19. Qe5 Qd6 20. Qxd4 Qxd4 21. Ne6+ Kf7 22. Nxd4 Bd5 23. Be3 Rac8 24. Rac1 Ng4 25. Bb3 Bxb3 26. Nxb3 Bf6 27. Bd4 Rfd8 28. Bxf6 Kxf6 29. Rxc8 Rxc8 30. Rc1 Rxc1+ 31. Nxc1 Ne5 32. f3 Ke6 33. Kf2 Kd5 34. Ke2 Kc4 35. Ke3 a5 36. Ke4 Nd7 1/2-1/2

[Event "Gran Canaria Santa Lucia op 2nd"]
[Site "Gran Canaria"]
[Date "2014.08.17"]
[Round "5"]
[White "Cruz Pino, Adrian"]
[Black "Quintana Marrero, Pedro Jesus"]
[Result "0-1"]
[WhiteElo "1977"]
[BlackElo "1729"]
[PlyCount "66"]
[EventDate "2014.08.14"]
[EventType "swiss"]
[EventRounds "9"]
[EventCountry "ESP"]
[SourceTitle "EXT 2015"]
[Source "ChessBase"]
[SourceDate "2014.11.20"]
[SourceVersion "1"]
[SourceVersionDate "2014.11.20"]
[SourceQuality "1"]

1. e4 e5 2. Nf3 Nc6 3. Bb5 a6 4. Bxc6 dxc6 5. 0-0 Bd6 6. d3 Ne7 7. Nbd2 0-0 8. Nc4 f6 9. h3 Be6 10. Ne3 Qd7 11. Qe2 Ng6 12. Nd1 f5 13. Ng5 f4 14. Qh5 h6 15. Qxg6 hxg5 16. Qxg5 Rf6 17. f3 Rh6 18. Nf2 Rf8 19. Ng4 Bxg4 20. fxg4 c5 21. Rf3 Qe6 22. Bxf4 exf4 23. Qd5 Qxd5 24. exd5 Re8 25. Kf1 g5 26. Re1 Rxe1+ 27. Kxe1 Kg7 28. Kd2 Kf6 29. Rf2 Rh7 30. c4 Re7 31. Rf3 Be5 32. g3 Kg6 33. h4 fxg3 0-1

[Event "Gran Canaria Santa Lucia op 2nd"]
[Site "Gran Canaria"]
[Date "2014.08.15"]
[Round "2"]
[White "Quintana Marrero, Pedro Jesus"]
[Black "Brito Garcia, Alfredo"]
[Result "0-1"]
[WhiteElo "1729"]
[BlackElo "2332"]
[PlyCount "121"]
[EventDate "2014.08.14"]
[EventType "swiss"]
[EventRounds "9"]
[EventCountry "ESP"]
[SourceTitle "EXT 2015"]
[Source "ChessBase"]
[SourceDate "2014.11.20"]
[SourceVersion "1"]
[SourceVersionDate "2014.11.20"]
[SourceQuality "1"]

1. e4 e5 2. Nf3 Nc6 3. d4 exd4 4. Nxd4 Nf6 5. Nxc6 bxc6 6. e5 Qe7 7. Qe2 Nd5 8. c4 Ba6 9. b3 Qh4 10. Bb2 Bb4+ 11. Nd2 Nf4 12. Qe3 Ne6 13. g3 Qe7 14. Bg2 Qc5 15. 0-0-0 Qxe3 16. fxe3 Bb7 17. Rhf1 Bc5 18. Rde1 Be7 19. Nf3 c5 20. Nh4 Bxh4 21. Bxb7 Rb8 22. Bd5 Be7 23. h4 0-0 24. Rf2 Nd8 25. Ref1 Rb6 26. Be4 d6 27. Bd5 dxe5 28. Bxe5 Bd6 29. Bxd6 Rxd6 30. Kc2 h5 31. Rf5 g6 32. Rf6 Kg7 33. Rxd6 cxd6 34. Rd1 Re8 35. e4 Kf6 36. Rf1+ Ke5 37. a3 a5 38. Kd3 Re7 39. b4 axb4 40. axb4 cxb4 41. Rb1 Ra7 42. Rxb4 Ra3+ 43. Ke2 Rxg3 44. Rb8 Ne6 45. Rb7 Rg4 46. Rxf7 Nf4+ 47. Kf3 Nxd5 48. cxd5 Rxh4 49. Re7+ Kd4 50. Re6 g5 51. Rxd6 Rf4+ 52. Kg3 Kxe4 53. Rd8 Rf3+ 54. Kg2 Rd3 55. d6 Kf4 56. d7 Kg4 57. Kf2 h4 58. Ke2 Rd6 59. Kf2 h3 60. Kf1 h2 61. Rh8 0-1